00440nam a2200109Ia 4500008004100000050002200041100002200063245009900085260008600184300003300270521002700303140724s9999 xx 000 0 und d aTS 155b.J11 2014 aJabola, Angelo S. aWarehouse monitoring system for famous electrical and construction supply /cAngelo S. Jabola. aLas Piñas, Philippines :bSouthville International School and Colleges,cc2014. a70 p. :bcol. Ill. ;c28 cm. aInformation Technology